| 000 | 00373nam a22001337a 4500 | ||
|---|---|---|---|
| 090 | _c10156 | ||
| 008 | 080902t xxu||||| |||| 00| 0 eng d | ||
| 020 | _a8121911141 | ||
| 082 |
_222 _a670 _bSHA |
||
| 245 |
_aA Textbook Of Production Technology: _bManufacturing Processes / _cP.C. Sharma. |
||
| 300 |
_a784p: _bill, _cc.2004. |
||
| 500 | _aIncludes Index. | ||
| 942 |
_2ddc _cBB |
||
| 999 |
_c10156 _d10156 |
||